Géographie par image - M - Statistiques

Statistiques générales
  • Ce quiz a été pris 15 564 fois
  • Le résultat moyen est 10 sur 18
Statistiques - réponses
Par images Hint Réponse % Correct
langue Mandarin
91%
ville Moscou
91%
pays Mongolie
90%
île Madagascar
78%
pays Malaisie
77%
pays Moldavie
63%
île Manhattan
62%
pays Monaco
59%
ville Madrid
52%
ville Milan
52%
île Malte
51%
pays Micronésie
51%
fleuve Mississippi
51%
fleuve Mékong
50%
phénomènes météorologiques Mousson
43%
région Midwest
27%
capitale Malé
21%
plan d'eau Mer de {Marmara}
21%
Aucun quiz correspondant
Distribution des résultats
% des personnes avec chaque résultat
Percentile par nombre de réponses
Votre historique - résultats
Vous n’avez pas pris ce quiz